<A> Contemplation of the small and medium enterprise environment in the Czech Republic

Problematika podnikateľského prostredia v Českej republike so zvláštnym zameraním na malé a stredné podnikanie. Analýza súčasnej situácie načrtnutie možností riešení niektorých problémov a bariér rozvoja podnikania.

Gespeichert in:
Bibliographische Detailangaben
1. Verfasser: Pešek, Pavel
Weitere Verfasser: Smejkal, Josef
Format: Buchkapitel
Sprache:Englisch
Schlagworte:
Tags: Tag hinzufügen
Keine Tags, Fügen Sie das erste Tag hinzu!

MARC

LEADER 00000naa$a2200000$$$4500
001 0038929
005 20231107071135.1
041 0 |a eng 
044 |a CZ 
245 1 0 |a <A> Contemplation of the small and medium enterprise environment in the Czech Republic  |c Pavel Pešek, Josef Smejkal 
520 |a Problematika podnikateľského prostredia v Českej republike so zvláštnym zameraním na malé a stredné podnikanie. Analýza súčasnej situácie načrtnutie možností riešení niektorých problémov a bariér rozvoja podnikania. 
610 2 0 |a Česko 
610 2 0 |a podnikanie malé 
610 2 0 |a podnikanie stredné 
610 2 0 |a politika podnikania 
610 2 0 |a podpora podnikania 
610 2 0 |a rozvoj regionálny 
100 1 |a Pešek, Pavel 
700 1 |a Smejkal, Josef